1505 1150 1541 1494 1802 1678 1231 1025 1380 1446 1423 1113 1518 1669 1214 1704 1281 1163 1426 1783 1925 1811 1911 1985 1405 1963 1613 1343 1553 1575 1026 1487 1132 1129 1308 1786 1373 1389 1433 1574 1805 1666 1613 1548 1020 1933 1401 1354 1070 1092 1396 1612 1474 1053 1375 1745 1164 1597 1420 1942 1268 1488 1294 1203 1325 1743 1173 1491 1355 1555 1171 1911 1712 1112 1653 1573 1929 1591 1903 1586 1089 1950 1683 1912 1986 1770 1768 1493 1187 1611 1660 1761 1243 1811 1145 1374 1726 1499 1765 BCNSPRNW ULIB Ver.6.0+V

เปลี่ยนเป็นภาษาไทย

Change to English
 แสดงรายละเอียดบรรณานุกรม
  กลับหน้าหลัก

Brief Record : Get Marc (ISO 2709) : E-mail record : QR code < ปิดหน้าต่าง
LEADER : 00000nam 2200000uu 4500
001    13399112060
003     ULIB
008    110304s1998||||th 000 0 eng d
020    08743493
060  4 QZ4^bP363 1998
100 0  Carpenter editorDonna O
245 00 Pathophysiology made Incrediably Easy/^cCarpenter editorDonna O
260    Pennsylvnia:^bSpringhous,^c1998
300    402 p
650  7 Nursing
650  7 physiology Pathophysiology
710 1  Springhous
945    ^p0^l0^i010319
995    ทศพร
999 ^a ใช้งานได้ทุกระบบ
รายการนี้ยังไม่มีแท็ก
คุณยังไม่ได้ล็อกอิน คุณสามารถมีกิจกรรมร่วมกับเว็บไซต์ได้ แต่ต้องล็อกอินก่อน ::
  ล็อกอิน

รายการสื่อสารสนเทศ

ลำดับที่ ประเภท เลขเรียก/บาร์โค้ด สถานที่ สถานะ
- ไม่พบข้อมูล -

รายการใกล้เคียง
    หัวเรื่อง [Nursing]

BibComment


ยังไม่เคยถูกคอมเมนท์

คอมเมนท์ทรัพยากรรายการนี้
  คอมเมนท์: Pathophysiology m..


 Copyright 2026. Bcnsprnw @Library